000
00246nam a2200097Ia 4500
005
20251222154334.0
008
251222s9999||||xx |||||||||||||| ||spa||
082
_a
REF.985.008/C76/T.XXV/V.II
245
0
_a
El teatro en la independencia
942
_c
LIB
999
_c
34282
_d
34282